000 00654nam a2200181Ia 4500
008 090123s9999 xx 000 0 und d
082 _b14521
100 _aदांडेकर गो. नि.
245 _aसार्थ श्री ज्ञानेश्वरी
250 _a1
260 _bमॅजेस्टिक प्रकाशन
300 _a904
600 _aदांडेकर गो. नि.
630 _aसार्थ श्री ज्ञानेश्वरी
700 _aदांडेकर गो. नि.
730 _aसार्थ श्री ज्ञानेश्वरी
942 _cBOOK
999 _c52582
_d52582